00475pab a2200157 454500008004000000100002000040245009800060260000900158300001200167362000800179650002400187650003600211650001600247700001800263773003600281180718b2013 xxu||||| |||| 00| 0 eng d aSingh, Surendra aRegional processes and patterns of agricultural growth in India after economic liberalization c2013 ap.5-20. aJun aAgriculture - India aEconomic liberalization - India aAgriculture aChhetri, Prem aAgricultural Situation in India